Role of Panoramic radiograph in Pediatric Dentistry (Record no. 27063)

MARC details
000 -LEADER
fixed length control field 00320nam a22001337a 4500
003 - CONTROL NUMBER IDENTIFIER
control field SGT
020 ## - INTERNATIONAL STANDARD BOOK NUMBER
International Standard Book Number 9786206181026
082 ## - DEWEY DECIMAL CLASSIFICATION NUMBER
Classification number 617.645
Item number R23S
100 ## - MAIN ENTRY--PERSONAL NAME
Personal name Sharma, Sugandha
245 ## - TITLE STATEMENT
Title Role of Panoramic radiograph in Pediatric Dentistry
260 ## - PUBLICATION, DISTRIBUTION, ETC. (IMPRINT)
Name of publisher, distributor, etc Lambert Academic Pub.
Year of Publication 2023
300 ## - PAGE DESCRIPTION
No. of Pages 51
942 ## - ADDED ENTRY ELEMENTS (KOHA)
Source of classification or shelving scheme Dewey Decimal Classification
Koha item type Books
Holdings
Withdrawn status Lost status Source of classification or shelving scheme Damaged status Not for loan Home library Current library Shelving location Date acquired SGTU Total Checkouts Full call number Accession No. (Barcode) Date last seen Bill Date Koha item type
    Dewey Decimal Classification   Not For Loan SGT Dental Library SGT Dental Library Reference Book 30/09/2024 SGTU   617.645 R23S FD9589 30/09/2024 30/09/2024 Books